000
00302nam a2200121Ia 4500
008
240624s9999 xx 000 0 und d
041
_a
eng
082
_a
005.133 PRO
100
_a
PROVOST FOSTER
245
_a
DATA SCIENCE FOR BUSINESS WHAT YOU NEED
260
_c
2017
_a
Mumbai
_b
O'Reilly
365
_c
RS
999
_c
29338
_d
29338